[Event "16th Dubai Open 2014"]
[Site "Dubai UAE"]
[Date "2014.04.15"]
[Round "9.23"]
[White "Tabatabaei, M.Amin"]
[Black "Volkov, Sergey"]
[Result "0-1"]
[WhiteElo "2298"]
[BlackElo "2600"]
[PlyCount "176"]
[EventDate "2014.04.07"]

1. e4 e6 2. d4 d5 3. Nd2 Nf6 4. e5 Nfd7 5. f4 c5 6. c3 Nc6 7. Ndf3 Qb6 8. a3
cxd4 9. cxd4 Na5 10. Ne2 Qb3 11. Qd2 Nc4 12. Qc3 Qxc3+ 13. Nxc3 a6 14. b3 Na5
15. Rb1 Nb6 16. Bd3 Bd7 17. a4 Rc8 18. Bd2 Nc6 19. Na2 Be7 20. Ke2 O-O 21. Be3
f5 22. h3 Be8 23. g4 Bg6 24. g5 Bh5 25. Rhc1 h6 26. h4 Kf7 27. Kf2 Rh8 28. Rh1
Nb4 29. Nxb4 Bxb4 30. Rbc1 Ba3 31. Rxc8 Rxc8 32. Bd2 Nd7 33. Ke3 Nb8 34. Ra1
Be7 35. Rc1 Rxc1 36. Bxc1 Nc6 37. Be2 Kg6 38. Bb2 Bb4 39. Kf2 Bg4 40. Kg3 Ba5
41. Kf2 Kh5 42. Kg3 Bb6 43. Bc3 Kg6 44. Bb2 Bxf3 45. Bxf3 Bxd4 46. h5+ Kf7 47.
g6+ Ke8 48. Ba3 Bc3 49. Be2 Be1+ 50. Kg2 Bb4 51. Bb2 Kd7 52. Bd3 Ke7 53. Kf3
Nb8 54. Bc2 Nd7 55. Bd4 Nc5 56. Bb2 Ne4 57. Ke3 Kd7 58. Kf3 Bc5 59. Bd1 Kc6 60.
Bc2 Kb6 61. Ke2 Ka5 62. Bxe4 dxe4 63. Bc3+ Kb6 64. Be1 Be7 65. Bf2+ Kc6 66. Kd1
b5 67. Ke2 bxa4 68. bxa4 Bd8 69. Bd4 Bb6 70. Bc3 Kc5 71. Be1 Bd8 72. Kd1 Kc4
73. Ke2 Kb3 74. Bf2 Be7 75. a5 Kc4 76. Bb6 Kb5 77. Kd1 Kc6 78. Bf2 Bd8 79. Be1
Kb5 80. Kc2 Bxa5 81. Bh4 Bb4 82. Bf6 Bf8 83. Kc3 a5 84. Bh4 a4 85. Bf2 Bb4+ 86.
Kc2 Kc4 87. Bb6 a3 88. Ba7 Bc3 0-1

[Event "16th Dubai Open 2014"]
[Site "Dubai UAE"]
[Date "2014.04.15"]
[Round "9.24"]
[White "Ghosh, Diptayan"]
[Black "Prince, Bajaj"]
[Result "1/2-1/2"]
[WhiteElo "2485"]
[BlackElo "2319"]
[PlyCount "146"]
[EventDate "2014.04.07"]

1. d4 Nf6 2. c4 e6 3. g3 d5 4. Nf3 Bb4+ 5. Bd2 Be7 6. Bg2 O-O 7. O-O c6 8. Bf4
dxc4 9. Ne5 Nd5 10. Nxc4 Nxf4 11. gxf4 Nd7 12. Nc3 Nb6 13. Ne5 Nd5 14. e3 Bd7
15. Qb3 Be8 16. Qxb7 Nb4 17. a3 Rb8 18. Qxa7 Ra8 19. Qxa8 Qxa8 20. axb4 Qb8 21.
b5 cxb5 22. Ra8 Qd6 23. Rfa1 f6 24. R8a6 Qd8 25. Nc6 Bxc6 26. Rxc6 e5 27. d5
exf4 28. d6 fxe3 29. dxe7 exf2+ 30. Kxf2 Qxe7 31. Rca6 h5 32. Bf3 Qb4 33. Ne2
Qxb2 34. Rd1 Qe5 35. Kg2 Qg5+ 36. Kh1 Re8 37. Rad6 Re3 38. Rd8+ Kh7 39. R8d5
Re5 40. Rxe5 Qxe5 41. Rd5 Qa1+ 42. Kg2 g6 43. Rxb5 Kh6 44. Rd5 Qb2 45. Rd1 Qe5
46. Rd4 Qg5+ 47. Kf2 Qe5 48. h3 Qh2+ 49. Bg2 Qe5 50. Rd5 Qb2 51. Be4 Qb6+ 52.
Kg2 Qe3 53. Bf3 Qb6 54. Rd1 Qb2 55. Rd8 Qe5 56. h4 Qb2 57. Rh8+ Kg7 58. Re8 Qb4
59. Re4 Qd2 60. Kf2 Qb2 61. Kg3 Qb8+ 62. Kh3 Qc8+ 63. Kg2 Qc2 64. Re7+ Kh6 65.
Re6 Kg7 66. Rc6 Qb2 67. Rc1 Qb4 68. Kh3 Qd2 69. Kg2 Qb4 70. Rh1 Kh6 71. Rh3 Qc4
72. Rh2 Qb4 73. Rh1 Qc4 1/2-1/2

[Event "16th Dubai Open 2014"]
[Site "Dubai UAE"]
[Date "2014.04.15"]
[Round "9.25"]
[White "Grover, Sahaj"]
[Black "Abhishek, Kelkar"]
[Result "1/2-1/2"]
[WhiteElo "2475"]
[BlackElo "2300"]
[PlyCount "101"]
[EventDate "2014.04.07"]

1. e4 Nf6 2. e5 Nd5 3. d4 d6 4. c4 Nb6 5. f4 g6 6. Nf3 Bg7 7. Be2 O-O 8. O-O
Be6 9. b3 c5 10. Bb2 cxd4 11. Nxd4 Nc6 12. Nxe6 fxe6 13. Bg4 dxe5 14. c5 Nb4
15. Qxd8 Rfxd8 16. cxb6 axb6 17. a4 Nc2 18. Ra2 Nb4 19. Ra3 exf4 20. Bxe6+ Kh8
21. Bxg7+ Kxg7 22. Nc3 g5 23. Bf5 Ra5 24. Be4 Rc5 25. Nb5 Nc2 26. Ra2 Ne3 27.
Re1 Re5 28. Bxb7 Rb8 29. Bc6 Rc8 30. Nd4 Rd8 31. Rd2 Rd6 32. Nf3 Rc5 33. Be4 g4
34. Rxd6 exd6 35. Nd2 d5 36. Bb1 Rc3 37. Kf2 d4 38. Rg1 h5 39. Ke2 Kh6 40. Kf2
Kg7 41. Be4 g3+ 42. hxg3 Ng4+ 43. Ke2 Re3+ 44. Kd1 Nf2+ 45. Kc2 Nxe4 46. Nxe4
Rxe4 47. gxf4 Rxf4 48. Re1 Rf2+ 49. Kd3 Rxg2 50. Kxd4 Rg6 51. Rh1 1/2-1/2

[Event "16th Dubai Open 2014"]
[Site "Dubai UAE"]
[Date "2014.04.15"]
[Round "9.26"]
[White "Vakhidov, Jahongir"]
[Black "Khademalsharieh, Sarasadat"]
[Result "1-0"]
[WhiteElo "2472"]
[BlackElo "2292"]
[PlyCount "137"]
[EventDate "2014.04.07"]

1. b3 Nf6 2. Bb2 g6 3. g3 Bg7 4. Bg2 d6 5. e4 e5 6. Ne2 O-O 7. O-O Re8 8. d3 d5
9. Nd2 c6 10. h3 Nbd7 11. Kh2 Qc7 12. Nc3 dxe4 13. Ncxe4 Nxe4 14. Nxe4 Nf8 15.
Qd2 Be6 16. Rae1 f5 17. Nc3 Bf7 18. Qc1 Ne6 19. Ne2 Rad8 20. Qa1 c5 21. c4 Nd4
22. Nxd4 exd4 23. Bc1 Be5 24. Bg5 Rc8 25. Qd1 b6 26. Qf3 Kg7 27. Re2 h6 28. Bd2
Bd6 29. Rfe1 Rxe2 30. Rxe2 Re8 31. Rxe8 Bxe8 32. h4 Bd7 33. Kg1 Be6 34. Kf1 Qe7
35. Bf4 g5 36. Bxd6 Qxd6 37. hxg5 hxg5 38. Qb7+ Qd7 39. Qb8 Qf7 40. a3 f4 41.
gxf4 Qxf4 42. Qxa7+ Kf6 43. Bd5 Bh3+ 44. Kg1 Qg4+ 45. Kh1 Qh4 46. Qf7+ Ke5 47.
Kg1 Qg4+ 48. Kh2 Qh4 49. Qc7+ Kf6 50. Qd8+ Ke5 51. Qb8+ Kf6 52. Qf8+ Kg6 53.
Bf7+ Kf6 54. Bg8+ Ke5 55. Qb8+ Kf6 56. Qf8+ Ke5 57. f4+ gxf4 58. Qb8+ Kf5 59.
Qc8+ Ke5 60. Qc7+ Kf5 61. Qh7+ Qxh7 62. Bxh7+ Kg4 63. Bf5+ Kxf5 64. Kxh3 Kg5
65. Kg2 Kg4 66. Kf2 f3 67. b4 cxb4 68. axb4 Kf4 69. b5 1-0

[Event "16th Dubai Open 2014"]
[Site "Dubai UAE"]
[Date "2014.04.15"]
[Round "9.27"]
[White "Ashwin, Jayaram"]
[Black "Lokander, Martin"]
[Result "1-0"]
[WhiteElo "2454"]
[BlackElo "2280"]
[PlyCount "77"]
[EventDate "2014.04.07"]

1. e4 c6 2. d4 d5 3. e5 Bf5 4. Nf3 e6 5. Be2 Nd7 6. O-O Ne7 7. Nbd2 c5 8. c4
cxd4 9. Nxd4 Nc6 10. Nxf5 exf5 11. cxd5 Ncxe5 12. Nc4 Nxc4 13. Bxc4 Bd6 14.
Re1+ Kf8 15. Bf1 Nf6 16. Qf3 g6 17. Bh6+ Kg8 18. h3 Ne4 19. Rac1 Qh4 20. Be3
Kg7 21. Bd4+ f6 22. Qb3 b6 23. Rc6 Rhe8 24. g3 Qg5 25. f4 Bxf4 26. Rxe4 Rxe4
27. Bxf6+ Qxf6 28. Rxf6 Be3+ 29. Kh2 Kxf6 30. Qc3+ Kf7 31. Bg2 Rae8 32. Bxe4
Rxe4 33. Qc7+ Kf6 34. d6 Bc5 35. d7 Re2+ 36. Kh1 Re1+ 37. Kg2 Re2+ 38. Kf1 Rf2+
39. Ke1 1-0

[Event "16th Dubai Open 2014"]
[Site "Dubai UAE"]
[Date "2014.04.15"]
[Round "9.28"]
[White "Saduakassova, Dinara"]
[Black "Kjartansson, Gudmundur"]
[Result "0-1"]
[WhiteElo "2342"]
[BlackElo "2440"]
[PlyCount "156"]
[EventDate "2014.04.07"]

1. e4 e5 2. Nf3 Nc6 3. Bb5 Nf6 4. d3 Bc5 5. c3 O-O 6. Bg5 Re8 7. O-O h6 8. Bh4
Bf8 9. Qb3 d6 10. Bc4 Qe7 11. Qd1 g5 12. Bg3 Bg4 13. Nbd2 Bg7 14. b4 Rad8 15.
Qb3 Be6 16. Bxe6 Qxe6 17. Rfe1 a6 18. Qxe6 Rxe6 19. a4 Nh5 20. Nb3 Ree8 21.
Nfd2 d5 22. b5 Ne7 23. f3 f5 24. Red1 Nf4 25. Bxf4 exf4 26. Rac1 dxe4 27. dxe4
axb5 28. axb5 Rd3 29. Nc5 Rxc3 30. Rxc3 Bxc3 31. Nb1 Ba5 32. Nxb7 Bb6+ 33. Kf1
fxe4 34. fxe4 Kf7 35. Nc3 Ra8 36. Nd8+ Kf6 37. Nc6 Nxc6 38. bxc6 Ke5 39. Nd5
Ra6 40. Rb1 Bd4 41. Rc1 Ra7 42. Nc3 Bxc3 43. Rxc3 Kxe4 44. Rh3 Ra1+ 45. Kf2
Ra2+ 46. Kf1 Ra1+ 47. Kf2 Ra2+ 48. Kf1 Rc2 49. Rxh6 Kd5 50. Rg6 Rxc6 51. Rxg5+
Ke4 52. Rg7 Rc1+ 53. Kf2 Rc2+ 54. Kf1 c5 55. Re7+ Kd3 56. Rd7+ Ke3 57. Re7+ Kd3
58. Rd7+ Kc3 59. h4 c4 60. h5 Rc1+ 61. Kf2 Rh1 62. Kf3 Rh4 63. Rd5 Kb4 64. g3
fxg3 65. Kxg3 c3 66. Kxh4 c2 67. h6 c1=Q 68. Rh5 Qf4+ 69. Kh3 Qf3+ 70. Kh4 Qe4+
71. Kg5 Qh7 72. Rh4+ Kc5 73. Rf4 Kd6 74. Rf6+ Ke5 75. Rg6 Qe7+ 76. Kg4 Qd7+ 77.
Kh5 Qh3+ 78. Kg5 Qf5+ 0-1

[Event "16th Dubai Open 2014"]
[Site "Dubai UAE"]
[Date "2014.04.15"]
[Round "9.29"]
[White "Gulamali, Kazim"]
[Black "Kanter, Eduard"]
[Result "1-0"]
[WhiteElo "2293"]
[BlackElo "2406"]
[PlyCount "43"]
[EventDate "2014.04.07"]

1. e4 c5 2. d4 cxd4 3. c3 d3 4. c4 Nc6 5. Bxd3 g6 6. Nc3 Bg7 7. Nf3 d6 8. h3
Nf6 9. O-O Nd7 10. Qe2 Nc5 11. Rd1 O-O 12. Bc2 Bxc3 13. bxc3 Qc7 14. Bh6 Re8
15. Nd4 a6 16. f4 e5 17. Nxc6 Qxc6 18. f5 f6 19. Rd5 Qc7 20. Rad1 Rd8 21. Qf2
Qe7 22. Qxc5 1-0

[Event "16th Dubai Open 2014"]
[Site "Dubai UAE"]
[Date "2014.04.15"]
[Round "9.30"]
[White "Das, Sayantan"]
[Black "Harshal, Shahi"]
[Result "1-0"]
[WhiteElo "2371"]
[BlackElo "2020"]
[PlyCount "93"]
[EventDate "2014.04.07"]

1. c4 c6 2. Nf3 Nf6 3. g3 d5 4. Bg2 Bf5 5. cxd5 cxd5 6. Qb3 Qc7 7. Nc3 e6 8.
O-O a6 9. d3 Bd6 10. Bg5 Nbd7 11. Rac1 Qb8 12. Rfe1 Bg4 13. Bxf6 Nxf6 14. e4
dxe4 15. Nxe4 Nxe4 16. Qa4+ b5 17. Qxe4 Bxf3 18. Bxf3 Ra7 19. Qc6+ Ke7 20. d4
h5 21. h4 g6 22. Kg2 Rd8 23. Qe4 Kf8 24. d5 exd5 25. Qd4 Kg8 26. Bxd5 Bf8 27.
Qe4 Kh7 28. Qf3 Rdd7 29. Rc6 Bg7 30. Re2 Qd8 31. Bb3 Rd3 32. Qe4 Rd4 33. Qc2
Qa8 34. Kh2 Qb8 35. Rc5 Rxh4+ 36. Kg2 Qa8+ 37. Bd5 Rc4 38. Qxc4 bxc4 39. Bxa8
Rxa8 40. Rxc4 Ra7 41. b3 a5 42. Rec2 f5 43. Rc7 Ra6 44. R2c6 Ra8 45. Rb7 Kh6
46. Rcc7 Rg8 47. f4 1-0

[Event "16th Dubai Open 2014"]
[Site "Dubai UAE"]
[Date "2014.04.15"]
[Round "9.31"]
[White "Ekdyshman, Mikhail"]
[Black "Tabada, Jobannie C"]
[Result "0-1"]
[WhiteElo "2365"]
[BlackElo "2210"]
[PlyCount "140"]
[EventDate "2014.04.07"]

1. e4 c5 2. Nf3 d6 3. d4 cxd4 4. Nxd4 Nf6 5. Nc3 a6 6. Bg5 e6 7. Qe2 Be7 8. f4
h6 9. Bh4 Nxe4 10. Bxe7 Nxc3 11. Qc4 Kxe7 12. Qxc3 Qb6 13. O-O-O Bd7 14. Qg3
Nc6 15. Nxc6+ bxc6 16. f5 e5 17. Bc4 Qc5 18. Bxf7 Bxf5 19. Bb3 g5 20. h4 g4 21.
Rhf1 Rhf8 22. h5 e4 23. Rxf5 Rxf5 24. Qxg4 Qe5 25. Qg6 Rh8 26. Re1 Kd8 27. Kb1
Qf6 28. Qg3 Rf1 29. Bc4 Rxe1+ 30. Qxe1 Qe5 31. Bxa6 e3 32. Be2 Rf8 33. Bf3 e2
34. Bxe2 Kc7 35. Kc1 Re8 36. Kd1 Qd4+ 37. Qd2 Qg1+ 38. Qe1 Qd4+ 39. Qd2 Qxb2
40. Qxh6 Re5 41. Qg7+ Kb6 42. Qg4 Rd5+ 43. Ke1 Qxc2 44. Kf2 Qd2 45. Qf3 Re5 46.
Qb3+ Kc7 47. Qf7+ Kb6 48. Qb3+ Kc7 49. Qf7+ Kd8 50. Qf8+ Kd7 51. Qf7+ Kc8 52.
Qg8+ Kb7 53. Qf7+ Kc8 54. Qg8+ Kd7 55. Qg4+ Re6 56. Qg7+ Re7 57. Qg4+ Kc7 58.
Qf3 d5 59. g3 Re4 60. Qd3 Qxa2 61. Kf3 Qa1 62. g4 Qf6+ 63. Kg2 Qb2 64. Kf3 Qe5
65. Qd2 Qh2 66. h6 Qh1+ 67. Kf2 Qh4+ 68. Kf3 Qxg4+ 69. Kf2 Rf4+ 70. Ke3 Qg3+
0-1

[Event "16th Dubai Open 2014"]
[Site "Dubai UAE"]
[Date "2014.04.15"]
[Round "9.32"]
[White "Karthik, V.   Ap"]
[Black "Ravi, Teja S"]
[Result "1/2-1/2"]
[WhiteElo "2250"]
[BlackElo "2354"]
[PlyCount "143"]
[EventDate "2014.04.07"]

1. e4 c6 2. d4 d5 3. exd5 cxd5 4. c4 Nf6 5. Nc3 e6 6. c5 b6 7. Bb5+ Bd7 8.
Bxd7+ Qxd7 9. cxb6 axb6 10. Qb3 Nc6 11. Nf3 Bb4 12. O-O O-O 13. Bf4 Bd6 14.
Bxd6 Qxd6 15. Nb5 Qe7 16. Rfc1 Rfc8 17. Ne5 Nxe5 18. dxe5 Ne4 19. Nd4 Qd8 20.
Qe3 Nc5 21. g3 Qe8 22. Rc2 Nd7 23. Rxc8 Rxc8 24. f4 Nc5 25. Rc1 Ne4 26. Kg2 h6
27. a3 g5 28. Rf1 Qe7 29. f5 exf5 30. Nxf5 Rc2+ 31. Kh1 Qxe5 32. Nxh6+ Kh7 33.
Ng4 Qe6 34. Qf3 Kg7 35. Ne3 Rxb2 36. Nf5+ Kg8 37. Nh6+ Kg7 38. Nf5+ Kg6 39. Nd4
Qf6 40. Qxf6+ Nxf6 41. Nc6 Ng4 42. Ne7+ Kg7 43. Nxd5 Rxh2+ 44. Kg1 Rb2 45. Rf3
f6 46. a4 Kf7 47. Rc3 Ne5 48. Kf1 Ke6 49. Nc7+ Kf5 50. Nd5 Nd7 51. Rc6 Ke5 52.
Ne3 Ke4 53. Nc4 Rb4 54. Rd6 Rxc4 55. Rxd7 Kf3 56. Rd3+ Kg4 57. Ra3 Kh3 58. Kf2
Rc2+ 59. Kf1 g4 60. Rb3 f5 61. Rb5 f4 62. gxf4 g3 63. Rh5+ Kg4 64. Rb5 Rc3 65.
Kg2 Rc2+ 66. Kg1 Rc6 67. Kg2 Kxf4 68. Rb4+ Ke3 69. Rb5 Kf4 70. a5 Rc2+ 71. Kg1
bxa5 72. Rxa5 1/2-1/2

[Event "16th Dubai Open 2014"]
[Site "Dubai UAE"]
[Date "2014.04.15"]
[Round "9.33"]
[White "Partac, Elena"]
[Black "Jumabayev, Rinat"]
[Result "0-1"]
[WhiteElo "2101"]
[BlackElo "2580"]
[PlyCount "108"]
[EventDate "2014.04.07"]

1. e4 c5 2. Nc3 e6 3. f4 d5 4. Nf3 dxe4 5. Nxe4 Be7 6. g3 Nf6 7. Nf2 O-O 8. Bg2
Nc6 9. O-O Qc7 10. b3 b6 11. Bb2 Bb7 12. Ne5 Rad8 13. Nxc6 Bxc6 14. Bxc6 Qxc6
15. d3 Rfe8 16. Ng4 Nxg4 17. Qxg4 Bf8 18. h4 Rd5 19. Qf3 Qd7 20. Rae1 b5 21.
Re4 Rc8 22. Re5 c4 23. Rxd5 exd5 24. Bd4 cxd3 25. cxd3 Qh3 26. Qg2 Qf5 27. Qe2
a6 28. Kg2 h5 29. Rf2 Rc1 30. Rf1 Rc6 31. Rf2 Rg6 32. Rf1 Bd6 33. Kh2 Kh7 34.
Qf3 Rg4 35. Qe2 Bxf4 36. Rxf4 Rxf4 37. gxf4 Qxf4+ 38. Kh3 Qxd4 39. Qxh5+ Kg8
40. Qf5 Qe3+ 41. Kg2 Qe6 42. Qf3 Qe5 43. Qg4 g6 44. Qc8+ Kg7 45. Qxa6 Qe2+ 46.
Kg1 Qxd3 47. a4 Qe3+ 48. Kg2 d4 49. axb5 d3 50. b6 d2 51. Qa1+ Kh7 52. Qf1 Qxb3
53. b7 Qxb7+ 54. Kf2 Qb3 0-1

[Event "16th Dubai Open 2014"]
[Site "Dubai UAE"]
[Date "2014.04.15"]
[Round "9.34"]
[White "Mohannad, Farhan"]
[Black "Moayed, Obied"]
[Result "1-0"]
[WhiteElo "2313"]
[BlackElo "2102"]
[PlyCount "79"]
[EventDate "2014.04.07"]

1. Nf3 d5 2. b3 Nf6 3. e3 e6 4. Bb2 Be7 5. d4 O-O 6. Nbd2 c5 7. Bd3 Nc6 8. a3
b6 9. Ne5 Bb7 10. Qf3 Rc8 11. Qh3 g6 12. f3 cxd4 13. Nxc6 Bxc6 14. exd4 Nh5 15.
g3 Qd7 16. Qf1 Bd6 17. f4 Nf6 18. Qe2 Rc7 19. O-O Rfc8 20. Rf2 a5 21. Rg2 Qe7
22. Qf3 Bb7 23. Re2 Qd8 24. Rf1 Rxc2 25. Bxc2 Rxc2 26. Nb1 Rc7 27. Rc1 Ne4 28.
Rec2 Rxc2 29. Rxc2 Qe7 30. Qd3 h5 31. a4 h4 32. Qf3 g5 33. gxh4 gxf4 34. Qg4+
Kf8 35. Nc3 Qf6 36. Nb5 Bb8 37. Ba3+ Ke8 38. Qg8+ Kd7 39. Qxb8 Qg6+ 40. Rg2 1-0

[Event "16th Dubai Open 2014"]
[Site "Dubai UAE"]
[Date "2014.04.15"]
[Round "9.35"]
[White "Ahmed Holi Ali, Moawia"]
[Black "Deshpande, Aniruddha"]
[Result "1/2-1/2"]
[WhiteElo "2039"]
[BlackElo "2287"]
[PlyCount "179"]
[EventDate "2014.04.07"]

1. c4 e5 2. g3 Nc6 3. Bg2 d6 4. Nc3 Be6 5. d3 g6 6. Nf3 Bg7 7. O-O Nge7 8. Rb1
h6 9. a3 Qd7 10. Re1 O-O 11. b4 d5 12. cxd5 Nxd5 13. Ne4 b6 14. Bb2 Nd4 15.
Ned2 Bh3 16. Bh1 Rae8 17. e3 Nxf3+ 18. Bxf3 Rd8 19. Nc4 Rfe8 20. Qc2 Qf5 21.
Nd2 Nf6 22. e4 Qd7 23. Be2 Nh7 24. Rec1 Re7 25. Qc6 h5 26. Qxd7 Rdxd7 27. Rc6
Be6 28. Nc4 Bxc4 29. Rxc4 a6 30. Rbc1 Ng5 31. Rc6 Ne6 32. Kf1 Kf8 33. R1c2 Ke8
34. h4 Kd8 35. Ke1 Nd4 36. Bxd4 Rxd4 37. R2c3 Red7 38. R3c4 Bf8 39. Rxd4 Rxd4
40. Rc4 Rd7 41. Kd2 c5 42. bxc5 Bxc5 43. g4 Bxf2 44. gxh5 gxh5 45. Bxh5 Bxh4
46. Rc6 Bf2 47. a4 Bc5 48. Bd1 f6 49. Rxf6 Rg7 50. Bb3 Rg2+ 51. Kd1 Rb2 52. Bc2
Ke7 53. Rg6 Bd4 54. Kc1 Rb4 55. Kd2 Kd7 56. Rf6 Kc7 57. Rf1 Rb2 58. Rf6 Kb7 59.
Kc1 b5 60. axb5 Rxb5 61. Rd6 Rb4 62. Bb1 Be3+ 63. Kc2 Bc5 64. Re6 Bd4 65. Kc1
Ra4 66. Re7+ Kb6 67. Re8 Ra5 68. Rb8+ Kc7 69. Rb4 Kd6 70. Bc2 Rc5 71. Rc4 Rb5
72. Ba4 Rb6 73. Kc2 Bc5 74. Bb3 a5 75. Kb2 Rb8 76. Ka2 Rh8 77. Ba4 Rh3 78. Rc3
Rh8 79. Rc2 Rh1 80. Rc4 Rh7 81. Rc1 Rc7 82. Rc2 Ke6 83. Rh2 Be3 84. Rc2 Rb7 85.
Rc6+ Ke7 86. Bb3 Bd4 87. Ra6 Bc3 88. Rc6 Bd4 89. Ra6 Bc3 90. Rc6 1/2-1/2

[Event "16th Dubai Open 2014"]
[Site "Dubai UAE"]
[Date "2014.04.15"]
[Round "9.36"]
[White "Turar"]
[Black "Al-Hadarani, Hatim"]
[Result "1/2-1/2"]
[WhiteElo "1997"]
[BlackElo "2249"]
[PlyCount "119"]
[EventDate "2014.04.07"]

1. d4 Nf6 2. c4 d6 3. Nf3 g6 4. Nc3 Bg7 5. e4 O-O 6. Be2 Nbd7 7. O-O e5 8. Qc2
c6 9. Rd1 Qc7 10. Rb1 a5 11. b3 Re8 12. dxe5 dxe5 13. Na4 b6 14. Nd2 Rb8 15.
Nf1 Ba6 16. Be3 Nf8 17. Rd2 Bc8 18. h3 Nxe4 19. Qxe4 Bf5 20. Qh4 Bxb1 21. c5 b5
22. Nc3 Bf5 23. g4 b4 24. Na4 Be6 25. Bg5 Nd7 26. Ne3 f6 27. Bh6 g5 28. Qh5 Nf8
29. Nf5 Bxf5 30. gxf5 Red8 31. Bc4+ Kh8 32. Rd6 Bxh6 33. Qxh6 Rxd6 34. cxd6
Qxd6 35. Nc5 Qe7 36. Kf1 Rd8 37. Ne4 Qg7 38. Qh5 Nd7 39. Nd6 Rf8 40. Nf7+ Rxf7
41. Bxf7 Qf8 42. Be6 Nc5 43. Bc4 e4 44. h4 gxh4 45. Qxh4 Qd8 46. Qg4 Nd7 47.
Qxe4 Ne5 48. Be2 Qd5 49. Qh4 Nd7 50. Qh5 Kg7 51. Bc4 Qd4 52. Qf7+ Kh6 53. Be2
Qh4 54. f3 Ne5 55. Qg8 Qg5 56. Qf8+ Qg7 57. Qc5 Qg5 58. Qf8+ Qg7 59. Qc5 Qd7
60. f4 1/2-1/2

[Event "16th Dubai Open 2014"]
[Site "Dubai UAE"]
[Date "2014.04.15"]
[Round "9.37"]
[White "Gameel, Mohamed"]
[Black "Ahmed, Fareed"]
[Result "0-1"]
[WhiteElo "2216"]
[BlackElo "1767"]
[PlyCount "126"]
[EventDate "2014.04.07"]

1. e4 e6 2. d3 d5 3. Nd2 Nf6 4. g3 Nc6 5. Bg2 dxe4 6. dxe4 Bc5 7. Ngf3 e5 8.
O-O O-O 9. Qe2 b6 10. Nb3 Bd6 11. Qc4 Nb4 12. Re1 a5 13. a3 Na6 14. Be3 Bb7 15.
Rad1 Qe7 16. Nh4 g6 17. h3 Rfe8 18. Bh6 a4 19. Nd2 Nc5 20. Qc3 Nh5 21. Nc4 Ng7
22. Nxd6 cxd6 23. Qb4 Nge6 24. Qxb6 Nd4 25. Rd2 Reb8 26. Rxd4 exd4 27. Bf4 Ra6
28. Qb4 Ne6 29. Nf5 gxf5 30. exf5 Qc7 31. fxe6 Bxg2 32. e7 Re8 33. Qb5 Rxe7 34.
Rxe7 Qxe7 35. Kxg2 Qe4+ 36. Kh2 Rc6 37. Bxd6 h6 38. Be5 f6 39. Qb8+ Kf7 40.
Qb7+ Kg6 41. Bxd4 Qxc2 42. Qe7 Qc4 43. Qe8+ Kg7 44. Qe7+ Kg6 45. Be3 Rc8 46.
Qd7 Rc7 47. Qe8+ Kg7 48. Qh5 Qe4 49. Bxh6+ Kg8 50. Qb5 Rc2 51. Qb6 Qe2 52. Be3
Qf3 53. Qd8+ Kf7 54. Qd7+ Kg8 55. Qd8+ Kf7 56. Qd7+ Kg8 57. Qd4 Re2 58. Qc4+
Kg7 59. Qd4 Kg8 60. Qb6 Kf7 61. Bd4 Re1 62. Qc7+ Kg6 63. Qc2+ f5 0-1

[Event "16th Dubai Open 2014"]
[Site "Dubai UAE"]
[Date "2014.04.15"]
[Round "9.38"]
[White "Tuomainen, Felix"]
[Black "Ivana Maria, Furtado"]
[Result "0-1"]
[WhiteElo "1940"]
[BlackElo "2204"]
[PlyCount "78"]
[EventDate "2014.04.07"]

1. d4 d5 2. Nf3 Nf6 3. c4 e6 4. Nc3 Bb4 5. Qc2 dxc4 6. a4 c6 7. Bd2 O-O 8. e3
b5 9. axb5 Bxc3 10. Bxc3 cxb5 11. b3 Nc6 12. bxc4 b4 13. Ne5 Nxe5 14. Bxb4 Nc6
15. Bxf8 Qxf8 16. Be2 Qb4+ 17. Qd2 Qxd2+ 18. Kxd2 Ne4+ 19. Ke1 Nb4 20. Bf3 Bb7
21. Ke2 a5 22. Rhc1 f5 23. Bxe4 fxe4 24. Ra3 Kf7 25. Kd2 Ke7 26. Rca1 Nc6 27.
Rb1 Ba6 28. Ra4 Kd6 29. Rb6 Kc7 30. Rb1 Rf8 31. Ke2 Rf5 32. Rba1 Kb6 33. Ke1
Nb4 34. c5+ Ka7 35. Rxa5 Nc2+ 36. Kd1 Nxa1 37. Rxa1 Rxf2 38. Ra4 Rxg2 39. c6
Kb6 0-1

[Event "16th Dubai Open 2014"]
[Site "Dubai UAE"]
[Date "2014.04.15"]
[Round "9.39"]
[White "Boshra, Alshaeby"]
[Black "Al Badani, Abdu"]
[Result "1-0"]
[WhiteElo "1925"]
[BlackElo "2175"]
[PlyCount "77"]
[EventDate "2014.04.07"]

1. d4 Nf6 2. c4 g6 3. Nc3 d5 4. cxd5 Nxd5 5. e4 Nxc3 6. bxc3 Bg7 7. Bc4 c5 8.
Ne2 O-O 9. O-O Nc6 10. Be3 Qa5 11. Rc1 b6 12. f4 cxd4 13. cxd4 Bg4 14. d5 Qa3
15. Qd2 Na5 16. h3 Bd7 17. Bd3 Rac8 18. Bd4 Bxd4+ 19. Nxd4 Rc5 20. Nf3 Rfc8 21.
Rxc5 Qxc5+ 22. Kh1 Nc4 23. Bxc4 Qxc4 24. Re1 Qa4 25. f5 Kg7 26. Qg5 Qb4 27.
fxg6 hxg6 28. Re3 Rc1+ 29. Kh2 Rc2 30. e5 Qb2 31. Nh4 Qxa2 32. Qxe7 Qxd5 33.
Qf6+ Kg8 34. Rg3 Rc6 35. Qd8+ Kh7 36. Nf3 Be6 37. Qf8 g5 38. Rxg5 f6 39. Qg7#
1-0